Kỹ thuật điện

Giáo trình kĩ thuật điện gồm 3 phần: Phần I cung cấp các kiến thức cơ bản về mạch điện; Phần 2 cung cấp các nguyên lý, cấu tạo, tính năng và ứng dụng các loại máy điện cơ bản; Phần 3 cung cấp khái quát về đo lường và điều khiển máy...

Celý popis

Uloženo v:
Podrobná bibliografie
Hlavní autor: Đặng, Văn Đào
Médium: Kniha
Jazyk:Undetermined
Vydáno: Hà Nội Giáo Dục 2006
Témata:
Tagy: Přidat tag
Žádné tagy, Buďte první, kdo otaguje tento záznam!
Thư viện lưu trữ: Trung tâm Học liệu Trường Đại học Cần Thơ
LEADER 00945nam a2200205Ia 4500
001 CTU_124345
008 210402s9999 xx 000 0 und d
020 |c 17000 
082 |a 621.3 
082 |b Đ108 
100 |a Đặng, Văn Đào 
245 0 |a Kỹ thuật điện 
245 0 |c Đặng Văn Đào (Chủ biên), Lê Văn Doanh 
260 |a Hà Nội 
260 |b Giáo Dục 
260 |c 2006 
520 |a Giáo trình kĩ thuật điện gồm 3 phần: Phần I cung cấp các kiến thức cơ bản về mạch điện; Phần 2 cung cấp các nguyên lý, cấu tạo, tính năng và ứng dụng các loại máy điện cơ bản; Phần 3 cung cấp khái quát về đo lường và điều khiển máy điện,... 
650 |a Electric angineering 
904 |i M.Loan 
980 |a Trung tâm Học liệu Trường Đại học Cần Thơ